Восхождение : (Record no. 107187)
[ view plain ]
| 000 -LEADER | |
|---|---|
| fixed length control field | 00899nam a2200229 u 4500 |
| 001 - CONTROL NUMBER | |
| control field | 000292651 |
| 003 - CONTROL NUMBER IDENTIFIER | |
| control field | AM-YeHGA |
| 005 - DATE AND TIME OF LATEST TRANSACTION | |
| control field | 20250617125926.0 |
| 008 - FIXED-LENGTH DATA ELEMENTS--GENERAL INFORMATION | |
| fixed length control field | 031211s1989 ai r 000 0 rus d |
| 020 ## - INTERNATIONAL STANDARD BOOK NUMBER | |
| International Standard Book Number | 5289002529 |
| 040 ## - CATALOGING SOURCE | |
| Original cataloging agency | AM-YeHGA |
| 041 0# - LANGUAGE CODE | |
| Language code of text/sound track or separate title | rus |
| 090 ## - LOCALLY ASSIGNED LC-TYPE CALL NUMBER (OCLC); LOCAL CALL NUMBER (RLIN) | |
| -- | 108514 |
| 100 1# - MAIN ENTRY--PERSONAL NAME | |
| Personal name | Романенко, Борис Петрович |
| 245 10 - TITLE STATEMENT | |
| Title | Восхождение : |
| Remainder of title | Очерки о формировании атеист. мировоззрения раб. кл. / |
| Statement of responsibility, etc. | Б. П. Романенко; Ред.: И.Г. Мельникова. |
| 260 ## - PUBLICATION, DISTRIBUTION, ETC. | |
| Place of publication, distribution, etc. | Ленинград : |
| Name of publisher, distributor, etc. | Лениздат, |
| Date of publication, distribution, etc. | 1989. |
| 300 ## - PHYSICAL DESCRIPTION | |
| Extent | 120 с. |
| 504 ## - BIBLIOGRAPHY, ETC. NOTE | |
| Bibliography, etc. note | Библиогр.: с. 117-118 |
| 653 0# - INDEX TERM--UNCONTROLLED | |
| Uncontrolled term | Рабочий класс в СССР - История - 19-20 вв. |
| 653 0# - INDEX TERM--UNCONTROLLED | |
| Uncontrolled term | Атеизм в СССР - История - 19-20 вв. |
| 700 1# - ADDED ENTRY--PERSONAL NAME | |
| Personal name | Мельникова, И. Г. |
| Relator term | ред. |
| Relationship | edt |
| Withdrawn status | Lost status | Damaged status | Not for loan | Collection | Home library | Current library | Date acquired | Total checkouts | Full call number | Barcode | Date last seen | Price effective from | Koha item type | Public note |
|---|---|---|---|---|---|---|---|---|---|---|---|---|---|---|
| General | Fundamental Scientific Library | Fundamental Scientific Library | 22/12/2016 | 215 | 110060396 | 22/12/2016 | 22/12/2016 | Գրքեր / Books | 30 Days Loan |
ՀՀ Գիտությունների ազգային ակադեմիայի հիմնարար գիտական գրադարան = Fundamental Scientific Library of NAS RA
All site content, except where otherwise noted, is licensed under a